| 000 | 01434nac a22003617a 4500 | ||
|---|---|---|---|
| 001 | BR8400339 | ||
| 003 | BR-BrBNA | ||
| 005 | 20240105115923.0 | ||
| 008 | 230509b bl.|||m| |||| 00| 0 por d | ||
| 040 |
_aBR-BrBNA _bpor _cBiblioteca Nacional de Agricultura |
||
| 072 | _aH10 | ||
| 090 | _a0336 BR8400339 | ||
| 100 | 1 | _aOliveira, E.B. de | |
| 100 | 1 | _aGazzoni, D.L. | |
| 100 | 1 | _aGomes, S.A. | |
| 100 | 1 | _aRamiro, Z. | |
| 110 | 1 |
_aCentro Nacional de Pesquisa de Soja, Londrina, PR (Brasil) _91793 |
|
| 111 | 1 |
_a3. Reuniao de Pesquisa de Soja da Regiao Centro-Sul _cCampo Grande, MS (Brazil) _d12 Jul 1983 |
|
| 245 | 1 | _aRecomendacoes de inseticidas para utilizacao no programa de manejo de pragas da soja, safra 1983/84, nos estados de Mato Grosso do Sul, Parana e Sao Paulo [Glycine max, Brasil] | |
| 246 | 1 | _a[Recommendation of insecticides for utilization in soybean weed management program, 1983/84, in the states of Mato Grosso do Sul, Parana and Sao Paulo [Glycine max, Brazil]] | |
| 260 | 3 |
_aLondrina, PR (Brasil): _c1983. |
|
| 300 | _a7 p. | ||
| 490 |
_aComunicado Tecnico - Centro Nacional de Pesquisa de Soja (Brazil) _vno. 22 _xISSN 0100-6606 |
||
| 500 | _a6 ref. | ||
| 650 | _aSOJA | ||
| 650 | _aINSETICIDA | ||
| 650 | _aARMADILHA LUMINOSA | ||
| 650 | _aMATO GROSSO DO SUL | ||
| 650 | _aPARANA | ||
| 650 | _aSAO PAULO | ||
| 909 |
_a202312 _bLúcia Elande _c55 _dLúcia Elande |
||
| 942 |
_2AGRIS _n0 _cMS |
||
| 999 |
_c277079 _d277079 |
||